Tough 20 Question Quiz #2 - Statistics

General Stats
  • This quiz has been taken 23 times
  • The average score is 8 of 20
Answer Stats
Hint Answer % Correct
"Ascorbic Acid" is the name for what vitamin? Vitamin ___ C
95%
Complete the title of the Clovers song "Love Potion No. ___" 9
86%
What is the common unit to measure the "loudness" of a sound? Decibel
81%
The capital city of Liberia is named after what American president? James Monroe
81%
How many points is the K tile worth in scrabble? 5
76%
What first name links a famous jazz musician, a member of the Beatles, and an American founding father? John
76%
Complete the name of a common error message "Error 404: Page not _____" Found
71%
In computing, what do the letters OP represent in the acronym SYSOP? Operation
48%
What is the first name of Indiana Jones? Henry
43%
"Gudmundsdottir" is the surname of what famous singer? Bjork
33%
"Sporthocker" is an amateur sport invented in what country? Germany
29%
What is the fear of the number 13 called? Triskaidekaphobia
29%
What is the first name of the footballer Pelé? Edson
14%
The actors Brian Quinn and James Murray are 2 co-stars of which popular TV show? Impractical Jokers
5%
What TV series was based on the series of books by Laura Ingalls Wilder? Little House on the Praire
5%
What is the name of Katherins husband in the Shakespeare play "The Taming of the Shrew?" Petruchio
5%
"Salzburg" is a song featured in what Broadway musical? Bells are ringing
0%
The theory of cosmopolitanism was pioneered by what political thinker? Kwame Appiah
0%
Actor Humphrey Bogart died due to what type of cancer? Oesophageal
0%
A blood pressure monitor is known by what scientific name? Sphygmomanometer
0%
No matching quizzes found
Score Distribution
Percent of People with Each Score
Percentile by Number Answered
Your Score History
You have not taken this quiz